| 000 | 00337nam a22001337a 4500 | ||
|---|---|---|---|
| 999 |
_c158283 _d158283 |
||
| 020 | _a | ||
| 082 |
_a _b |
||
| 100 | _aRanganath S | ||
| 245 |
_aContribution of Sachidanandendra Saraswati to 20th century advaita/ _cby Ranganath S. |
||
| 260 |
_aDelhi: _bEastern Book Linkers, _c2005. |
||
| 300 | _a147p. | ||
| 650 | _a | ||
| 942 | _cBK | ||